| 000 | 00686nam a2200217 a 4500 | ||
|---|---|---|---|
| 001 | 000014579 | ||
| 005 | 20200929163854.0 | ||
| 008 | 100115s1992 ve 000 0 spa d | ||
| 020 | _a9802761729 | ||
| 040 |
_aDO-SdBNP _bspa _cBNPHU |
||
| 082 |
_axxxx _bB641e |
||
| 100 | 1 |
_aBlanco Fombona, Rufino _919144 |
|
| 245 | 1 | 0 |
_aEnsayos históricos / _cRufino Blanco Fombona. |
| 260 |
_aCaracas, Venezuela : _bBiblioteca Ayacucho, _c1992. |
||
| 300 |
_a476 p. ; _c23 cm. |
||
| 490 | 1 |
_aAyacucho _vv. 36 |
|
| 504 | _aIncluye referencias bibliográficas y notas al pie de las páginas | ||
| 504 | _aIncluye bibliografías (p. 473-476) | ||
| 830 | 1 |
_aAyacucho _nno. 36 _933007 |
|
| 049 | _aBNPD | ||
| 999 |
_c14165 _d14165 |
||